| 000 | 00429cam a2200181ua 4500 | ||
|---|---|---|---|
| 020 | _c1 | ||
| 041 |
_amal _h |
||
| 082 |
_a894.812 308 _bSHO/OR |
||
| 100 | _aSholokov, Mikhail . | ||
| 245 |
_aOur Manushyante Vidhi / _cMikhail Sholokov. _hTextual Documents |
||
| 250 |
_a1 / _b. |
||
| 260 |
_aThrissur : _bCurrent Books , _c1962. |
||
| 300 | _a72 ; . | ||
| 365 | _a1 | ||
| 504 | _a | ||
| 942 | _cBK | ||
| 999 |
_c3874 _d3874 |
||